000 00671nam a22002177a 4500
005 20230224082054.0
008 230224b |||||||| |||| 00| 0 eng d
020 _a9781444158922 (pbk)
040 _aKMU
_cKMU
050 _aHF 5415.13 Dav 2012
100 _aDavies Eric
245 _aSuccessful Marketing in a week:
_bLearn in a week, what the experts learn in a lifetime/
_cEric Davies
260 _aLondon:
_bHolder Education,
_c2012.
300 _a121 pages.:
_c19cm
500 _aInclude Summary,questions and answers.
650 _aMarketing
650 _aMarketing Information
650 _aMarketing mix
650 _aMarketing Promotion
942 _2lcc
_cBK
_n0
999 _c209
_d209